| 000 | 00482nam a2200193Ia 4500 | ||
|---|---|---|---|
| 005 | 20240823021755.0 | ||
| 008 | 240823s9999||||xx |||||||||||||| ||und|| | ||
| 020 | _a0-19-568202-5 | ||
| 041 | _aENGLISH | ||
| 082 | _A621.317 P4 | ||
| 100 | _a"Krein,Philip T" | ||
| 245 | 0 | _aElements of Power Electronics | |
| 250 | _a1st | ||
| 260 |
_c2004 _bOxford University _aNew Delhi |
||
| 500 | _aYES | ||
| 650 |
_aPower Electronics _bInstrumentation |
||
| 942 | _cBK | ||
| 999 |
_c177710 _d177710 |
||